ASME 2013 15th International Conference on Environmental Remediation and Radioactive Waste Management - Volume 2: Facility Decontamination and Decommissioning; Environmental Remediation; Environmental Management/Public Involvement/Crosscutting Issues/Global Partnering

Бібліографічні деталі
Формат: Електронний ресурс Журнал
Мова:English
Опубліковано: ASME
Онлайн доступ:Full text available on ASME[2013-2013]
Off-campus access
LEADER 01159cas a2200181 a 4500
001 AALConferenceProceedingsASME000733
008 230101c9999 xx r poo 0 0eng d
020 |a 978-0-7918-5602-4 
040 |a BD-DhAAL  |c BD-DhAAL 
245 0 0 |h [electronic resource]  |a ASME 2013 15th International Conference on Environmental Remediation and Radioactive Waste Management - Volume 2: Facility Decontamination and Decommissioning; Environmental Remediation; Environmental Management/Public Involvement/Crosscutting Issues/Global Partnering 
260 |b ASME 
300 |a 1 online resource 
500 |a <strong>Off-Campus Access:</strong> Athens ID and Password Required 
500 |a <strong>On-Campus Access:</strong> No User ID or Password Required 
506 |a Electronic access restricted to authorized BRAC University faculty, staff and students 
538 |a Mode of access: Internet 
856 4 0 |z Full text available on ASME[2013-2013]  |u https://asmedigitalcollection.asme.org/ICEM/ICEM2013/volume/56024 
856 4 0 |z Off-campus access  |u https://go.openathens.net/redirector/bracu.ac.bd?url=https%3A%2F%2Fasmedigitalcollection.asme.org%2FICEM%2FICEM2013%2Fvolume%2F56024